|
|
|
|
| LEADER |
00000cam a2200000 7i4500 |
| 001 |
0000004019 |
| 005 |
20150107.0 |
| 020 |
0 |
0 |
|a 9789839444735
|
| 090 |
0 |
0 |
|a 333.780959511211
|b LANG 2007
|
| 245 |
0 |
0 |
|a Langkawi Geopark
|c Mohd Shafeea... [et al.]
|
| 260 |
0 |
0 |
|a Kuala Lumpur :
|b LESTARI ,
|c 2007
|
| 300 |
|
|
|a xiv, 109 pg. :
|b ill.col. ;
|c 25cm.
|
| 650 |
0 |
0 |
|a Geopark
|x Malaysia
|z Pulau Langkawi
|
| 650 |
0 |
0 |
|a National parks and reserves
|z Pulau Langkawi
|
| 700 |
1 |
1 |
|a Ibrahim Komoo
|
| 700 |
1 |
1 |
|a Kamarulzaman Abdul Ghani
|
| 700 |
1 |
1 |
|a Mohd Shafeea Leman
|
| 700 |
1 |
1 |
|a Norhayati Ahmad
|
| 710 |
1 |
1 |
|a Jabatan Perhutanan Semenanjung Malaysia
|
| 999 |
|
|
|a 007840
|b Monograph
|c Open Shelf
|e Default branch
|